[Event "Airthings Masters - Torneo Preliminare"]
[Site "Internet"]
[Date "03.02.2023"]
[Round "2"]
[White "Vasquez Schroeder, Rodrigo"]
[Black "Sarana, Alexey"]
[Result "1-0"]
[WhiteTitle ""]
[BlackTitle ""]
[WhiteElo "2513"]
[BlackElo "2668"]
[WhiteFideId "3400042"]
[BlackFideId "24133795"]
[EventDate "2023.02.03"]

1. d4 Nf6 2. Nf3 d5 3. c4 e6 4. Nc3 Nbd7 5. cxd5 exd5 6. Bf4 c6 7. e3 Nh5 8. Bg5
Be7 9. Bxe7 Qxe7 10. Qc2 Nb6 11. O-O-O O-O 12. Bd3 g6 13. h3 a5 14. Kb1 a4 15.
a3 Be6 16. g4 Ng7 17. Rdg1 Nd7 18. h4 f5 19. g5 Nh5 20. Nxa4 f4 21. e4 dxe4 22.
Bxe4 Ra5 23. Re1 Qf7 24. Nc5 Rfa8 25. Nxe6 Qxe6 26. Bd3 Qd6 27. Bc4+ Kh8 28. Re6
Qf8 29. Rhe1 Nb6 30. Re7 Nxc4 31. Qxc4 Qf5+ 32. Ka2 Ng7 33. Rxb7 Qh3 34. Qb3 Rb5
35. Rxb5 cxb5 36. Ne5 Qxb3+ 37. Kxb3 Nf5 38. Nf3 Rc8 39. Re4 Rc1 40. Rxf4 Rf1
41. Ne5 Rd1 42. Kc2 Rh1 43. d5 Kg7 44. Nf3 h6 45. Nd4 hxg5 46. hxg5 Nd6 47. Rf6
Ne4 48. Ne6+ Kh7 49. Rf7+ Kg8 50. Rg7+ Kh8 51. Rxg6 Rf1 52. Kd3 Nd6 53. Nd4 Nc4
54. b3 Rd1+ 55. Kc3 Ne5 56. Rh6+ Kg8 57. Nf5 Rd3+ 58. Kb4 Rf3 59. Rf6 Kh7 60.
Ne7 Rd3 61. f4 Nd7 62. Rh6+ Kg7 63. Nf5+ Kg8 64. Rd6 Nf8 65. g6 Rf3 66. Ne7+ Kg7
67. f5 Kh6 68. a4 bxa4 69. bxa4 Rf1 70. a5 Rb1+ 71. Kc3 Rc1+ 72. Kd2 Ra1 73. a6
Ra3 74. f6 Nxg6 75. f7 Kg7 76. Nxg6 Kxf7 77. Re6 Ra5 78. Ne5+ Kf8 79. Nc4 Rxd5+
80. Kc3 Rd1 81. Kb2 Rd7 82. Rb6 Ke7 83. Rb7 Kd8 84. Rxd7+ Kc8 85. Nb6+ Kb8 86.
Rb7# 1-0

[Event "Airthings Masters - Torneo Preliminare"]
[Site "Internet"]
[Date "03.02.2023"]
[Round "2"]
[White "Azarov, Sergei"]
[Black "Jonkman, Harmen"]
[Result "1-0"]
[WhiteTitle ""]
[BlackTitle ""]
[WhiteElo "2559"]
[BlackElo "2328"]
[WhiteFideId "13501470"]
[BlackFideId "1002708"]
[EventDate "2023.02.03"]

1. e4 e5 2. Nf3 Nc6 3. Bb5 Nf6 4. O-O Nxe4 5. d4 Nd6 6. dxe5 Nxb5 7. a4 Nbd4 8.
Nxd4 d5 9. Nxc6 bxc6 10. Qd3 Be7 11. Be3 O-O 12. Qc3 Bf5 13. Nd2 f6 14. Nf3 Qd7
15. Bc5 Bxc5 16. Qxc5 Bg4 17. e6 Qxe6 18. Nd4 Qd7 19. f3 Bf5 20. Rfe1 Rfe8 21.
Nxc6 Kf7 22. Nd4 Bg6 23. a5 a6 24. b4 Re5 25. Nc6 Rxe1+ 26. Rxe1 Re8 27. Rxe8
Kxe8 28. Nd4 Qe7 29. Qxe7+ Kxe7 30. b5 Kd7 31. bxa6 Kc8 32. c3 Bd3 33. a7 Kb7
34. Ne6 Kxa7 35. Nxc7 Bc4 36. Kf2 g5 37. Ke3 Kb7 38. Ne8 f5 39. Nd6+ Ka6 40.
Nxc4 dxc4 41. Kd4 Kxa5 42. Kxc4 1-0

[Event "Airthings Masters - Torneo Preliminare"]
[Site "Internet"]
[Date "03.02.2023"]
[Round "2"]
[White "Mikaelyan, Arman"]
[Black "Mamedov, Rauf"]
[Result "0-1"]
[WhiteTitle ""]
[BlackTitle ""]
[WhiteElo "2496"]
[BlackElo "2646"]
[WhiteFideId "13304852"]
[BlackFideId "13401653"]
[EventDate "2023.02.03"]

1. d4 d6 2. e4 Nf6 3. Nc3 e5 4. Nf3 exd4 5. Nxd4 g6 6. g3 Bg7 7. Bg2 O-O 8. O-O
Re8 9. Re1 a6 10. h3 Nbd7 11. g4 Rb8 12. Bf4 Ne5 13. Bg3 c5 14. Nb3 h5 15. f4
Nc4 16. e5 Nxg4 17. hxg4 Bxg4 18. Bf3 Bxf3 19. Qxf3 dxe5 20. Rad1 Qc8 21. fxe5
Nxe5 22. Qg2 Qf5 23. Rf1 Qc8 24. Nd5 c4 25. Nd4 Qc5 26. Kh1 Rbd8 27. Nf5 Ng4 28.
Nxg7 Kxg7 29. Bh4 Rd6 30. Qf3 f5 31. Qc3+ Kf7 32. Qf3 Qc6 33. Bg3 Rd7 34. Rd4
Nf6 35. Rfd1 Red8 36. Bh4 Rxd5 0-1

[Event "Airthings Masters - Torneo Preliminare"]
[Site "Internet"]
[Date "03.02.2023"]
[Round "2"]
[White "Gascon Del Nogal, Jose Rafael"]
[Black "Ibarra Jerez, Jose Carlos"]
[Result "0-1"]
[WhiteTitle ""]
[BlackTitle ""]
[WhiteElo "2460"]
[BlackElo "2563"]
[WhiteFideId "3902463"]
[BlackFideId "2226332"]
[EventDate "2023.02.03"]

1. e4 c5 2. Nf3 Nc6 3. Bb5 e6 4. b3 Nd4 5. Bd3 Ne7 6. Nxd4 cxd4 7. c3 Nc6 8. Bb2
Bc5 9. O-O O-O 10. b4 Bb6 11. Na3 d5 12. Qe2 dxc3 13. dxc3 Qh4 14. Nb5 Rd8 15.
a4 a5 16. bxa5 Rxa5 17. c4 d4 18. e5 Bc5 19. f4 Nb4 20. Rf3 Nxd3 21. Qxd3 Qg4
22. Kh1 Bd7 23. h3 Qg6 24. Qxg6 hxg6 25. Rd3 Bc6 26. Nxd4 Rxa4 27. Rxa4 Bxa4 28.
Rd2 Bc6 29. Nf3 Rxd2 30. Nxd2 Be3 31. Nb3 Bxf4 32. Kg1 Bg3 33. Bc3 Kh7 34. Bb2
g5 35. Na5 Be4 0-1

[Event "Airthings Masters - Torneo Preliminare"]
[Site "Internet"]
[Date "03.02.2023"]
[Round "2"]
[White "Rustemov, Alexander"]
[Black "Haub, Thorsten Michael"]
[Result "1-0"]
[WhiteTitle ""]
[BlackTitle ""]
[WhiteElo "2525"]
[BlackElo "2414"]
[WhiteFideId "4119002"]
[BlackFideId "4610776"]
[EventDate "2023.02.03"]

1. d4 g6 2. c4 Bg7 3. Nf3 f5 4. g3 Nf6 5. Bg2 O-O 6. O-O c6 7. Nc3 d6 8. Qc2 Qc7
9. e4 e5 10. dxe5 dxe5 11. exf5 Bxf5 12. Qe2 Nbd7 13. h3 Kh8 14. Be3 Rae8 15. g4
Be6 16. Ng5 Bg8 17. Nge4 Nxe4 18. Nxe4 Nf6 19. Rad1 Nxe4 20. Bxe4 b6 21. b3 Rd8
22. Bg5 Rd4 23. f3 Bf6 24. Be3 Rdd8 25. Rxd8 Rxd8 26. Rd1 Rxd1+ 27. Qxd1 Be6 28.
c5 Be7 29. cxb6 axb6 30. Qd3 b5 31. Qc3 Bd7 32. a4 bxa4 33. bxa4 c5 34. a5 Bb5
35. f4 Bd6 36. fxe5 Bxe5 37. Qxc5 Qxc5 38. Bxc5 Bc3 39. Bb6 Kg7 40. Bb7 Kf6 41.
a6 Bxa6 42. Bxa6 Bd2 43. Kg2 h5 44. Kf3 Kg5 45. Bd8+ Kh6 46. Ke4 Bc1 47. Be2 Bd2
48. Ke5 Bg5 49. Bb6 Bc1 50. Kf6 Bd2 51. Bf2 Bc1 52. Bh4 Bb2+ 53. Kf7 Bc1 54. Bf6
Bd2 55. g5+ Bxg5 56. Bg7+ 1-0

[Event "Airthings Masters - Torneo Preliminare"]
[Site "Internet"]
[Date "03.02.2023"]
[Round "2"]
[White "Theodorou, Nikolas"]
[Black "Lobanov, Sergei"]
[Result "1-0"]
[WhiteTitle ""]
[BlackTitle ""]
[WhiteElo "2584"]
[BlackElo "2545"]
[WhiteFideId "4262875"]
[BlackFideId "24183750"]
[EventDate "2023.02.03"]

1. d4 Nf6 2. c4 e6 3. Nf3 d5 4. g3 Bb4+ 5. Bd2 Be7 6. Bg2 O-O 7. O-O c6 8. Qc2
b6 9. Bf4 Bb7 10. Nbd2 Nh5 11. Be5 Nd7 12. e4 Nxe5 13. Nxe5 Nf6 14. Rfd1 dxc4
15. Ndxc4 Qc7 16. a3 c5 17. d5 exd5 18. exd5 Bd6 19. Nc6 Rfe8 20. Rac1 h6 21. b4
cxb4 22. axb4 b5 23. Nxd6 Qxd6 24. Qc5 Qxc5 25. Rxc5 Ne4 26. d6 Nxc5 27. bxc5
Kf8 28. d7 Red8 29. Nxd8 Bxg2 30. Kxg2 Rxd8 31. c6 Ke7 32. c7 Rxd7 33. Re1+ 1-0

[Event "Airthings Masters - Torneo Preliminare"]
[Site "Internet"]
[Date "03.02.2023"]
[Round "2"]
[White "Sharapov, Evgeny"]
[Black "Kevlishvili, Robby"]
[Result "1-0"]
[WhiteTitle ""]
[BlackTitle ""]
[WhiteElo "2375"]
[BlackElo "2537"]
[WhiteFideId "14103133"]
[BlackFideId "1040634"]
[EventDate "2023.02.03"]

1. e4 e5 2. Nf3 Nc6 3. Nc3 Nf6 4. Bb5 Bd6 5. O-O O-O 6. Re1 Re8 7. h3 Bf8 8. d4
exd4 9. Nxd4 a6 10. Nxc6 bxc6 11. Ba4 Bd6 12. Bg5 h6 13. Bh4 g5 14. Bg3 Bxg3 15.
fxg3 Qe7 16. Qf3 Qe5 17. Rf1 Kg7 18. Rf2 a5 19. Raf1 Ba6 20. Qxf6+ Qxf6 21. Rxf6
Bxf1 22. Rxf1 Rab8 23. Bb3 Re7 24. Rf5 Ra8 25. Kf2 f6 26. a4 Re5 27. Rxe5 fxe5
28. Nd1 Rb8 29. Ne3 Rb4 30. Nc4 Kf6 31. Kf3 d5 32. Nxa5 Rxe4 33. Nxc6 Re1 34.
Bxd5 Ra1 35. a5 h5 36. Be4 Ra4 37. b4 Ke6 38. g4 hxg4+ 39. Kxg4 Ra3 40. Kxg5
Rg3+ 41. Kh4 Re3 42. Bf3 e4 43. Bg4+ Kd6 44. Nd4 Kd5 45. Nf5 Ra3 46. Kg5 c5 47.
bxc5 Rxa5 48. h4 Rxc5 49. h5 Ke6 50. h6 Rc7 51. Ne3+ Kf7 52. Bf5 Rc5 53. Kf4 Kf6
54. g4 Ra5 55. g5+ Kf7 56. g6+ 1-0

[Event "Airthings Masters - Torneo Preliminare"]
[Site "Internet"]
[Date "03.02.2023"]
[Round "2"]
[White "Tang, Andrew"]
[Black "Fedoseev, Vladimir3"]
[Result "0-1"]
[WhiteTitle ""]
[BlackTitle ""]
[WhiteElo "2522"]
[BlackElo "2674"]
[WhiteFideId "2059630"]
[BlackFideId "24130737"]
[EventDate "2023.02.03"]

1. d4 Nf6 2. c4 e6 3. Nc3 Bb4 4. Qc2 d5 5. cxd5 exd5 6. Bg5 h6 7. Bh4 Qe7 8. e3
g5 9. Bg3 h5 10. h3 Ne4 11. Bh2 Nc6 12. Bb5 Bf5 13. Qb3 O-O-O 14. Ne2 Rh6 15. a3
Bxc3+ 16. bxc3 Re6 17. Ra2 a6 18. Bxc6 Rxc6 19. Rb2 b6 20. O-O g4 21. hxg4 hxg4
22. Bf4 Qh4 23. Ng3 Rh8 24. Re1 Nxc3 0-1

[Event "Airthings Masters - Torneo Preliminare"]
[Site "Internet"]
[Date "03.02.2023"]
[Round "2"]
[White "Murzin, Volodar"]
[Black "Kamsky, Gata"]
[Result "1/2-1/2"]
[WhiteTitle ""]
[BlackTitle ""]
[WhiteElo "2547"]
[BlackElo "2664"]
[WhiteFideId "44155573"]
[BlackFideId "2000024"]
[EventDate "2023.02.03"]

1. e4 c6 2. d4 d5 3. exd5 cxd5 4. Bd3 Nc6 5. c3 Nf6 6. Bf4 Bg4 7. Qb3 Qc8 8. Nd2
e6 9. Ngf3 Be7 10. O-O O-O 11. Qc2 Bh5 12. Ne5 Bg6 13. Nxg6 hxg6 14. Nf3 Nh5 15.
Bg3 a6 16. a4 Nxg3 17. hxg3 Qc7 18. Qe2 Bf6 19. g4 g5 20. g3 g6 21. Kg2 Kg7 22.
Qe3 e5 23. Nxg5 exd4 24. cxd4 Rfe8 25. Qd2 Nxd4 26. Ra3 Qd7 27. Rh1 Rh8 28. Rxh8
Rxh8 29. Qf4 Ne6 30. Nxe6+ Qxe6 31. Ra1 Qe5 32. Qxe5 Bxe5 33. Rb1 g5 34. Bf5 Re8 1/2-1/2

[Event "Airthings Masters - Torneo Preliminare"]
[Site "Internet"]
[Date "03.02.2023"]
[Round "2"]
[White "Kozak, Adam"]
[Black "Wagner, Dennis"]
[Result "1/2-1/2"]
[WhiteTitle ""]
[BlackTitle ""]
[WhiteElo "2564"]
[BlackElo "2584"]
[WhiteFideId "753246"]
[BlackFideId "24650684"]
[EventDate "2023.02.03"]

1. c4 c5 2. Nc3 Nf6 3. Nf3 e6 4. d4 cxd4 5. Nxd4 d5 6. cxd5 Nxd5 7. g3 Nxc3 8.
bxc3 e5 9. Nb3 Qxd1+ 10. Kxd1 Nc6 11. Bg2 Be6 12. Be3 O-O-O+ 13. Kc2 Ba3 14. Bc1
Bxc1 15. Rhxc1 Bc4 16. Re1 Kc7 17. Bxc6 bxc6 18. Rad1 g5 19. Rxd8 Rxd8 20. Nd2
Be6 21. c4 f6 22. Kc3 Bf5 23. Nb3 h5 24. Rh1 g4 25. Rf1 Bg6 26. Nc5 Rh8 27. Rd1
Bf5 28. e4 Bc8 29. Rf1 Kd6 30. Nd3 h4 31. Rb1 Kc7 32. Kd2 Be6 33. Kc3 hxg3 34.
hxg3 Rh2 35. Kb4 Kb6 36. Kc3+ Kc7 37. Re1 Rh8 38. Rf1 Kd6 39. Rb1 Kc7 40. Nc5
Bc8 41. Kd2 Rh2 42. Ke3 Rh8 43. Rd1 Rh7 44. Rf1 Rh3 45. Rb1 Rh8 46. Rd1 Rh7 47.
Rb1 Rh8 1/2-1/2

[Event "Airthings Masters - Torneo Preliminare"]
[Site "Internet"]
[Date "03.02.2023"]
[Round "2"]
[White "Bok, Benjamin"]
[Black "Matinian, Nikita"]
[Result "0-1"]
[WhiteTitle ""]
[BlackTitle ""]
[WhiteElo "2607"]
[BlackElo "2407"]
[WhiteFideId "1017063"]
[BlackFideId "24129100"]
[EventDate "2023.02.03"]

1. d4 d6 2. Nf3 g6 3. e4 Bg7 4. Be3 Nc6 5. Nc3 Bg4 6. Bb5 a6 7. Bxc6+ bxc6 8. h3
Bd7 9. Qd2 Qb8 10. O-O-O a5 11. e5 a4 12. Rhe1 Qb4 13. a3 Qc4 14. Bf4 d5 15. Qe3
e6 16. Qe2 Qxe2 17. Rxe2 Ne7 18. Ne1 Nc8 19. Nd3 Nb6 20. Bg5 Bf8 21. Bf6 Rg8 22.
g4 Bc8 23. Ree1 Ba6 24. Nc5 Bb5 25. Re3 Bxc5 26. dxc5 Nd7 27. b4 axb3 28. cxb3
Rxa3 29. Kb2 Ra6 30. b4 Nxf6 31. exf6 Kd7 32. g5 Rb8 33. Ree1 Bc4 34. Ra1 Rxb4+
35. Kc2 d4 36. Rxa6 Bxa6 37. Ra1 Rc4 38. Rxa6 Rxc3+ 39. Kd2 Rxc5 40. f4 e5 41.
fxe5 Rxe5 42. h4 Re4 43. Ra8 Rxh4 44. Rf8 Ke6 45. Re8+ Kf5 46. Re7 Kxg5 47. Rxf7
h5 48. Rxc7 Kxf6 49. Rxc6+ Kg5 50. Rd6 Rf4 0-1

[Event "Airthings Masters - Torneo Preliminare"]
[Site "Internet"]
[Date "03.02.2023"]
[Round "2"]
[White "Radjabov, Teimour"]
[Black "Matlakov, Maxim"]
[Result "1/2-1/2"]
[WhiteTitle ""]
[BlackTitle ""]
[WhiteElo "2747"]
[BlackElo "2662"]
[WhiteFideId "13400924"]
[BlackFideId "4168003"]
[EventDate "2023.02.03"]

1. d4 Nf6 2. c4 e6 3. Nf3 d5 4. Nc3 Nbd7 5. cxd5 exd5 6. Bf4 c6 7. e3 Nh5 8. Bg5
Be7 9. Bxe7 Qxe7 10. Qc2 g6 11. h3 O-O 12. Be2 Re8 13. O-O-O a5 14. g4 Nhf6 15.
g5 Ne4 16. Bd3 b5 17. h4 Bb7 18. h5 Rac8 19. hxg6 hxg6 20. Rh6 c5 21. Rdh1 Nf8
22. Bxe4 dxe4 23. Ne5 cxd4 24. f4 dxc3 25. Qh2 cxb2+ 26. Kxb2 Qb4+ 27. Ka1 Qc3+
28. Kb1 Qb4+ 29. Ka1 Qc3+ 30. Kb1 Qb4+ 31. Ka1 1/2-1/2

[Event "Airthings Masters - Torneo Preliminare"]
[Site "Internet"]
[Date "03.02.2023"]
[Round "2"]
[White "Shevchenko, Kirill"]
[Black "Pakleza, Zbigniew"]
[Result "1-0"]
[WhiteTitle ""]
[BlackTitle ""]
[WhiteElo "2662"]
[BlackElo "2496"]
[WhiteFideId "14129574"]
[BlackFideId "1119290"]
[EventDate "2023.02.03"]

1. d4 d5 2. c4 c6 3. Nf3 Nf6 4. Nc3 Qb6 5. Qc2 e6 6. Bg5 Be7 7. e3 h6 8. Bxf6
Bxf6 9. cxd5 exd5 10. Nxd5 Qa5+ 11. Nc3 O-O 12. Be2 c5 13. O-O Nc6 14. Ne4 cxd4
15. Nxf6+ gxf6 16. Nxd4 Nxd4 17. exd4 Bf5 18. Qc5 Qxc5 19. dxc5 Rac8 20. Rac1 a5
21. Bf3 Rc7 22. Rc3 Rd8 23. Rfc1 Rd2 24. Rb3 Bc8 25. h3 Kf8 26. Rb6 Ke7 27. Rc3
Rd4 28. Re3+ Kf8 29. Rxf6 Rxc5 30. Rxh6 Rd2 31. Rb6 Rc1+ 32. Kh2 Rxf2 33. Bxb7
Bxb7 34. Rxb7 Rcc2 35. Rb8+ Kg7 36. Rg3+ Kf6 37. Rb6+ Ke7 38. a4 f5 39. Kg1 f4
40. Rg7+ Kf8 41. Rbb7 Rxb2 42. Rgf7+ Kg8 43. Rxb2 Rxb2 44. Rxf4 Rb4 45. g3 Kg7
46. Kg2 Kg6 47. h4 Kh5 48. Rf5+ Kg4 49. Rg5# 1-0

[Event "Airthings Masters - Torneo Preliminare"]
[Site "Internet"]
[Date "03.02.2023"]
[Round "2"]
[White "Omelja, Artem"]
[Black "Tomashevsky, Evgeny"]
[Result "0-1"]
[WhiteTitle ""]
[BlackTitle ""]
[WhiteElo "2437"]
[BlackElo "2694"]
[WhiteFideId "14119846"]
[BlackFideId "4147235"]
[EventDate "2023.02.03"]

1. e4 e5 2. Nf3 Nc6 3. Nc3 Nf6 4. d4 exd4 5. Nxd4 Bc5 6. Be3 Bb6 7. Nxc6 bxc6 8.
e5 Bxe3 9. exf6 Bh6 10. fxg7 Bxg7 11. Bd3 Qe7+ 12. Kf1 d5 13. Qh5 Kf8 14. Re1
Qf6 15. g3 Rb8 16. Na4 Rb4 17. Nc5 Qd6 18. Nb3 Bg4 19. Qg5 Bxb2 20. a3 h6 21.
Qe3 Bh3+ 22. Kg1 Rb8 23. Bf1 Bg4 24. h3 Bd7 25. Nc5 Re8 26. Nxd7+ Qxd7 27. Qc5+
Kg7 28. Rb1 Bf6 29. Kg2 Re4 30. Bd3 Ra4 31. Rb3 Bd4 32. Bf5 Qxf5 33. Qxc6 Rc4
34. Rf3 Qxf3+ 35. Kxf3 Rxc6 0-1

[Event "Airthings Masters - Torneo Preliminare"]
[Site "Internet"]
[Date "03.02.2023"]
[Round "2"]
[White "Bartel, Mateusz"]
[Black "Maghsoodloo, Parham"]
[Result "0-1"]
[WhiteTitle ""]
[BlackTitle ""]
[WhiteElo "2615"]
[BlackElo "2728"]
[WhiteFideId "1112635"]
[BlackFideId "12539929"]
[EventDate "2023.02.03"]

1. e4 c5 2. Nf3 e6 3. d4 cxd4 4. Nxd4 a6 5. Nc3 Qc7 6. g3 Nf6 7. Bg2 d6 8. O-O
Be7 9. a4 O-O 10. a5 Bd7 11. h3 Nc6 12. Nb3 Ne5 13. f4 Nc4 14. g4 Bb5 15. g5 Nd7
16. Rf2 Rfe8 17. Nd4 Nxa5 18. f5 Bf8 19. fxe6 fxe6 20. Ncxb5 axb5 21. b4 Nc4 22.
Rxa8 Rxa8 23. Nxe6 Qb6 24. Bf4 Nde5 25. Bf1 Ne3 26. Qd4 Qxd4 27. Nxd4 Nxf1 28.
Rxf1 Rc8 29. Bd2 Nc4 30. Bc1 Nb6 31. Rf5 d5 32. e5 Bxb4 33. Kf1 g6 34. Rf3 Bc3
35. Nxb5 Bxe5 36. Be3 Nc4 37. c3 Rf8 38. Rxf8+ Kxf8 39. Bc5+ Kf7 40. Kg2 Ke6 41.
Kf3 Nd2+ 42. Kg4 Ne4 43. Bd4 Bxd4 44. cxd4 Kd7 45. Kf4 Nd6 46. Nc3 Ke6 47. Na4
Ne4 48. h4 b5 49. Nb2 b4 50. Nd3 b3 51. Nb2 Nd2 52. Nd3 Kd6 0-1

[Event "Airthings Masters - Torneo Preliminare"]
[Site "Internet"]
[Date "03.02.2023"]
[Round "2"]
[White "Oparin, Grigoriy"]
[Black "Arjun, Kalyan"]
[Result "1-0"]
[WhiteTitle ""]
[BlackTitle ""]
[WhiteElo "2667"]
[BlackElo "2516"]
[WhiteFideId "24125890"]
[BlackFideId "35018701"]
[EventDate "2023.02.03"]

1. d4 Nf6 2. c4 e6 3. Nf3 d5 4. g3 Bb4+ 5. Bd2 a5 6. Bg2 O-O 7. Qc2 c5 8. cxd5
cxd4 9. Nxd4 Qb6 10. e3 exd5 11. O-O Nc6 12. Nxc6 bxc6 13. Rc1 Rb8 14. Bxb4 Qxb4
15. b3 h5 16. Nd2 h4 17. a3 Qg4 18. h3 Qg5 19. Nf3 Qh5 20. Nxh4 g5 21. Nf5 g4
22. hxg4 Nxg4 23. Nh4 Be6 24. Qxc6 Rxb3 25. Qa4 Rb2 26. Bf3 Qg5 27. Bxg4 Bxg4
28. Rab1 Rxb1 29. Rxb1 Rc8 30. Qxa5 Qf6 31. Qb4 Be6 32. Qf4 Qc3 33. a4 Qc2 34.
Rb8 Rxb8 35. Qxb8+ Kh7 36. Qf4 Kg8 37. Nf3 Qd1+ 38. Kg2 d4 39. Qxd4 Qb3 40. Ng5
Qb7+ 41. e4 Bd7 42. a5 Bc6 43. Qe5 Qb4 44. Qf5 Qe7 45. a6 f6 46. Qg6+ 1-0

[Event "Airthings Masters - Torneo Preliminare"]
[Site "Internet"]
[Date "03.02.2023"]
[Round "2"]
[White "Drygalov, Sergey"]
[Black "Kovalev, Vladislav"]
[Result "0-1"]
[WhiteTitle ""]
[BlackTitle ""]
[WhiteElo "2547"]
[BlackElo "2623"]
[WhiteFideId "24171743"]
[BlackFideId "13504398"]
[EventDate "2023.02.03"]

1. d4 Nf6 2. c4 e6 3. Nc3 Bb4 4. e3 O-O 5. Bd3 d5 6. a3 Bxc3+ 7. bxc3 b6 8. cxd5
Qxd5 9. f3 Ba6 10. Ne2 c5 11. e4 Qb7 12. Bg5 Nbd7 13. O-O cxd4 14. cxd4 Rfc8 15.
Qb3 Rc7 16. Rfc1 Rac8 17. Rxc7 Rxc7 18. a4 h6 19. Bf4 Rc8 20. Bb5 Nf8 21. Be5
Ng6 22. Bxf6 gxf6 23. Qd3 Bxb5 24. axb5 Qd7 25. Qb3 Nf4 26. Re1 Nxe2+ 27. Rxe2
Qxd4+ 28. Kf1 Rc1+ 29. Re1 Rxe1+ 30. Kxe1 Qg1+ 31. Ke2 Qxg2+ 32. Ke3 Qg1+ 33.
Ke2 Qxh2+ 34. Ke3 Qg1+ 35. Ke2 h5 36. Qa4 h4 37. e5 Qh2+ 38. Kf1 Qxe5 39. Qxh4
Qxb5+ 40. Kf2 Qc5+ 41. Kf1 Qc1+ 42. Kf2 Qd2+ 43. Kf1 Qc1+ 44. Kf2 Qg5 45. Qe4
Kg7 46. Qb7 Qc5+ 47. Kf1 a5 48. Qe4 Qf5 49. Qe3 b5 50. Qg1+ Qg5 51. Qb6 a4 52.
Qd4 a3 53. f4 Qd5 54. Qg1+ Kf8 55. Qa7 a2 56. Qa3+ b4 57. Qxb4+ Kg7 58. Qe1 Qb5+
59. Kg2 Qb2+ 0-1

[Event "Airthings Masters - Torneo Preliminare"]
[Site "Internet"]
[Date "03.02.2023"]
[Round "2"]
[White "Blomqvist, Erik"]
[Black "Rasulov, Vugar"]
[Result "1-0"]
[WhiteTitle ""]
[BlackTitle ""]
[WhiteElo "2510"]
[BlackElo "2516"]
[WhiteFideId "1709437"]
[BlackFideId "13402390"]
[EventDate "2023.02.03"]

1. e4 e5 2. Nf3 Nc6 3. Bb5 a6 4. Ba4 Nf6 5. O-O b5 6. Bb3 Bc5 7. c3 d6 8. d4 Bb6
9. Be3 Rb8 10. Nbd2 O-O 11. Re1 h6 12. h3 Bb7 13. a3 exd4 14. cxd4 d5 15. e5 Ne4
16. Bc2 Ne7 17. Qb1 Nxd2 18. Nxd2 Qd7 19. b4 Bc8 20. g4 h5 21. f3 f5 22. exf6
Rxf6 23. Kg2 Nc6 24. Nb3 hxg4 25. hxg4 Rxf3 26. Kxf3 Qxg4+ 27. Kf2 Bf5 28. Bxf5
Rf8 29. Rg1 Rxf5+ 30. Ke1 Qf3 31. Qd3 Ne5 32. Qe2 Qh3 33. Nd2 Nc6 34. Rc1 Bxd4
35. Bxd4 Nxd4 36. Qe8+ Rf8 37. Rxg7+ Kxg7 38. Rxc7+ Kf6 39. Qxf8+ Ke5 40. Qg7+
Ke6 41. Qd7+ 1-0

[Event "Airthings Masters - Torneo Preliminare"]
[Site "Internet"]
[Date "03.02.2023"]
[Round "2"]
[White "Alekseenko, Kirill"]
[Black "Duda, Jan-Krzysztof"]
[Result "1-0"]
[WhiteTitle ""]
[BlackTitle ""]
[WhiteElo "2686"]
[BlackElo "2729"]
[WhiteFideId "4135539"]
[BlackFideId "1170546"]
[EventDate "2023.02.03"]

1. d4 Nf6 2. Nc3 d5 3. Bf4 a6 4. e3 e6 5. g4 h6 6. Bg2 c5 7. h4 cxd4 8. exd4 g6
9. Qf3 b5 10. a3 Bb7 11. Nge2 Nc6 12. Rd1 h5 13. g5 Nd7 14. O-O Bg7 15. Bd6 Ne7
16. Rfe1 Nb6 17. Bc5 O-O 18. Bh3 Nd7 19. Bb4 Re8 20. Nf4 Nf8 21. Bc5 Qc7 22. b4
Rad8 23. Qg3 Rc8 24. Rd3 Kh7 25. Qf3 Nd7 26. Nxh5 gxh5 27. Qxf7 Nxc5 28. Rxe6
Kh8 29. bxc5 Rf8 30. Qxh5+ Kg8 31. g6 Rf4 32. Rde3 Nc6 33. Re8+ Rxe8 34. Rxe8+
Bf8 35. Be6+ 1-0

[Event "Airthings Masters - Torneo Preliminare"]
[Site "Internet"]
[Date "03.02.2023"]
[Round "2"]
[White "Muradli, Mahammad"]
[Black "Chirila, Ioan-Cristian"]
[Result "1-0"]
[WhiteTitle ""]
[BlackTitle ""]
[WhiteElo "2539"]
[BlackElo "2543"]
[WhiteFideId "13409301"]
[BlackFideId "1211668"]
[EventDate "2023.02.03"]

1. d4 Nf6 2. c4 e6 3. Nf3 d5 4. Nc3 Bb4 5. Bg5 h6 6. Bxf6 Qxf6 7. Qa4+ Nc6 8. e3
O-O 9. Rd1 Bd7 10. Qb3 dxc4 11. Bxc4 Qe7 12. Bd3 Na5 13. Qc2 c5 14. a3 Bxc3+ 15.
Qxc3 b6 16. Ne5 Ba4 17. Rd2 Nb3 18. Rc2 cxd4 19. exd4 Rfd8 20. Nf3 Nxd4 21. Nxd4
Bxc2 22. Nxc2 Rac8 23. Qb3 Qd6 24. Ke2 a5 25. Rd1 Qxh2 26. Ne3 Qh5+ 27. g4 Qe5
28. Rd2 Rd6 29. Rc2 Rcd8 30. Qc3 Qf4 31. Ba6 Qe4 32. Qc4 Rd4 33. Qc7 f5 34. f3
Qa8 35. Bb7 Qa7 36. Qe7 R4d7 37. Qxe6+ Kh8 38. Bc6 Re7 39. Qxf5 b5 40. Be4 Kg8
41. Nd5 Rxd5 42. Rc8+ 1-0

[Event "Airthings Masters - Torneo Preliminare"]
[Site "Internet"]
[Date "03.02.2023"]
[Round "2"]
[White "Puranik, Abhimanyu"]
[Black "Durarbayli, Vasif"]
[Result "0-1"]
[WhiteTitle ""]
[BlackTitle ""]
[WhiteElo "2596"]
[BlackElo "2635"]
[WhiteFideId "5061245"]
[BlackFideId "13402935"]
[EventDate "2023.02.03"]

1. Nf3 c5 2. c4 Nf6 3. Nc3 e6 4. g3 b6 5. Bg2 Bb7 6. O-O Be7 7. Re1 Ne4 8. Qc2
Nxc3 9. dxc3 d6 10. Bf4 Qc7 11. Rad1 Nc6 12. e4 Ne5 13. h3 Bc6 14. Nd2 g5 15.
Be3 h5 16. b4 g4 17. h4 Rg8 18. a4 a5 19. Rb1 axb4 20. cxb4 Bxa4 21. Qc3 Bf6 22.
Qa3 Bc6 23. Qb3 Ke7 24. Bf4 Ra4 25. b5 Rb4 26. Qe3 Rxb1 27. Rxb1 Bb7 28. Bf1 Qb8
29. Rb3 Nd7 30. Ra3 Bd4 31. Qe2 Ne5 32. Bg2 Qc7 33. Nb3 Ra8 34. Rxa8 Bxa8 35.
Be3 Bxe3 36. Qxe3 Qa7 37. Qg5+ Kd7 38. Qxh5 Qa2 39. Qh8 Bb7 40. h5 Qxb3 41. h6
Qb1+ 42. Kh2 Qb2 43. Qb8 Bxe4 44. h7 Nf3+ 0-1